MDQL
is popping MORE tags! Check the
thread
!
Quizzes
Events
Quiz Creation
Community
Videos
Private Events
Remove Ads
Sign In
Join for FREE
Feedback
Dark Mode
Quiz Categories
Sports
Geography
Music
Movies
Television
Just For Fun
Miscellaneous
History
Literature
Language
Science
Gaming
Entertainment
Religion
Holiday
For Kids
Quiz Lab
Recent
Popular Today
Quiz Kudos Today
Editor Picks
Curator Picks
Quizzes by...
Day
Popularity
Type
Ratings
Length
Year
Community
Subscriptions
Recent Discussions
Orange Saloon
Badges
Playlists
Quests
Create
Leaderboards
Showdown
Live 5
Trivia Bingo
Activity
Puzzle Library
Sporcle Events
Private Events
Virtual Trivia
Globe League
Become a Host
Pub Owners
SporcleCon
Opinionation
Our Games
Videos
Blog
Mobile Apps
Partnerships
Remove Ads and Go Orange
Feedback
Literature
Harry Potter
A Song of Ice and Fire
The Hunger Games
Literary Character
Shakespeare
Book
Author
Novel
Poem
Young Adult
Children's Books
Play
Lord of the Rings
Literature
Harry Potter
A Song of Ice and Fire
The Hunger Games
Literary Character
Shakespeare
Book
Author
Novel
Poem
Young Adult
Children's Books
Play
Lord of the Rings
Random Quiz
Search Sporcle
×
Quiz Lab
Quiz Lab
Literature
Harry Potter
Type in answers that appear in a list
Type in answers that appear in a list
Classic
Best Score? Go Orange.
Weasley's Wizard Wheezes Stats
Can you name the Products sold at Weasley's Wizard Wheezes?
By
musicelf
10m
20 Questions
327 Plays
327 Plays
327 Plays
Comments
Comments
Give Quiz Kudos
Give Quiz Kudos
-
- Ratings
hide this ad
More Info
Forced Order
Answers have to be entered in order
Answers have to be entered in order
Random Order
Randomize order of answers
Randomize order of answers
Replay
Link that replays current quiz
Next Quiz
Link to next quiz in quiz playlist
You Got
0%
They Got
Avg Score
64%
Avg Friend Score
Upgrade to see
Score Distribution
Jump to the score distribution portion of the page
Score
0/20
Timer
10:00
0
Plays Today
Effects and Descriptions
Weasley Product
% Correct
Listen in on conversations well out of your reach.
Extendable Ears
83.5%
Miniature Puffskeins. Make cuddly pets
Pygmy Puff
77.4%
'The Constipation Sensation that's Gripping the Nation'
U-No-Poo
77.1%
Makes your tongue grow and grow.
Ton Tongue Toffee
76.8%
A range of sweets to make the eater ill.
Skiving Snackbox
74%
Causes the eater to faint dead away.
Fainting Fancy
73.7%
Causes the drinker to feel amorous!
Love Potion
73.7%
Causes the eater to have an elevated temperature.
Fever Fudge
73.4%
Causes the eater to have copious bleeding.
Nosebleed Nougat
71.6%
Turns you into a bird and back again
Canary Cream
71.3%
Effects and Descriptions
Weasley Product
% Correct
Causes the eater to vomit violently.
Puking Pastilles
68.5%
Come in Self-
Inking, Smart Answer, and Spell Checking varieties
Quills
68.5%
Causes a temporary pitch black environment.
Peruvian Instant Darkness Powder
67%
'Offers a 30 minute escape from reality'
Daydream Charm
55.4%
'Walks the gallows over and over again'
Reusable hangman
54.4%
Scurry out of sight and cause diversions
Decoy Detonator
52%
No one has to die before you eat these, but they will make you sick.
Edible Dark Mark
49.5%
Causes jinxes to bounce of the wearer.
Shield Hat
48.6%
Creates a steamy, smelly and wet distraction.
Portable Swamp
44.3%
W.W.W. line of beauty products
Wonder Witch
37.3%
Quiz Playlist
Details
Report
Send in Message
Add To Playlist
More Info:
Can you name the various products sold at Fred and George's shop Weasley's Wizard Wheezes?
Classic:
Type in answers that appear in a list
Forced Order:
Answers have to be entered in order
Random Order:
Randomize order of answers
Quiz Source
Last Updated: Feb 16, 2017
Quiz Scoreboard
CHALLENGE
Sign Up to Join the Scoreboard
Show All
Scores
Hide
Comments
May contain spoilers
Recently Published
Image Sorting: Flags VI
by Barbecue
Geography
2m
Find the 'City' Movie
by crazypaving
Movies
60s
Colored Red Africa Blitz
by spor1
Geography
45s
More to Explore
Quiz From the Vault
Featured Blog Post
14 Easter Pick-up Lines to Find Eggs With
hide this ad
You Might Also Like...
Tags
Harry Potter Quiz
description
effect
product
sold
Wizard
Today's Top Quizzes in Literature
Browse Literature
hide this ad
Today's Top Quizzes in Harry Potter
Browse Harry Potter
Top Contributed Quizzes in Literature
1
Sneaky Slytherin Logic Puzzle
2
Harry Potter logic puzzle: The Hogwarts Soap Opera
3
Harry Potter Slytherin Logic Puzzle
4
Get The Picture: Black or White Literature
5
ASOIAF Siblings Logic Puzzle
6
'Middle' Earth
7
A Song of Ice and Fire Logic Puzzle
8
Harry Potter Logic Puzzle 1
9
Logic Puzzle: Avoid Dumbledore's Army
10
Mini Trivia Sudoku: A Song of Ice and Fire
Explore More
Trending Topics
NBA
Disney
Kpop
Crossword
Harry Potter
Marvel
Anime
WWE
Soccer
Country
The Office
Pokémon
NFL
Song
Puzzle
hide this ad
More By:
musicelf
Quiz
Plays
Rating
Category
Featured
Created
Common threes
1,887
3.05
Just For Fun
Feb 20, 2010
Finish the Idiom
1,834
3.20
Language
Apr 17, 2010
More famous fours
1,246
2.36
Just For Fun
Feb 26, 2010
Famous Paintings
713
2.83
Miscellaneous
Mar 19, 2010
Finish the Idioms 2
499
4.00
Language
May 6, 2010
Go to Creator's Profile
Score Distribution
Quiz Creator Spotlight
musicelf
Follow
Send a Message
Quizzes Created
-
Created Quiz Play Count
-
More By This Creator
Popular Quizzes Today
1
Colored Red Africa Blitz
2
Find the US States - No Outlines Minefield
3
Find the 'City' Movie
4
5x2 Blitz: Bands
5
The Countries of the World
6
Find the US States
7
Find the Countries of Europe - No Outlines Minefield
8
US States
More Literature Quizzes
Language by Stephen King Book Cover
Published
Trending Quizzes
Colored Red Europe Blitz I
Colored Red Europe Blitz II
Colored Red Africa Blitz II
Colored Red Europe Blitz III
Colored Red Africa Blitz III
Recently Updated
How Do You Spell That?
pecheneg
Godzilla Movies
pecheneg
Grab Bag: 4-10 Letters
pecheneg
2024 March Madness Bracket
pecheneg
Famous TV Couples
Peacemaker
Champions League XIs: Real Madrid
pecheneg
Largest US Cities 1790-2010
pecheneg
Rides in Walt Disney World
pecheneg
Most Oscar Losses (Acting)
pecheneg
Beyoncé Albums
pecheneg
Trending Topics
Anime
Disney
Crossword
Kpop
Harry Potter
NBA
Marvel
Puzzle
Soccer
Pokémon
The Office
Song
Country
WWE
NFL
Your Account Isn't Verified!
In order to create a playlist on Sporcle, you need to verify the email address you used during registration. Go to your
Sporcle Settings
to finish the process.
Report this User
Report this user for behavior that violates our
Community Guidelines
.
Details:
Send Report
Go to the Sporcle.com Mobile Site →
Comments